Instructor's manual management

Uloženo v:
Podrobná bibliografie
Hlavní autor: Griffin, Ricky W (Autor)
Médium: Kniha
Jazyk:angličtina
Vydáno: Boston Houghton mifflin company 1984
Témata:
Tagy: Přidat tag
Žádné tagy, Buďte první, kdo vytvoří štítek k tomuto záznamu!

MARC

LEADER 00000nam a2200000 a 4500
001 UCT9057
003 CL-VaPUC
008 970404e19840000US |||||||||||||||||eng|d
082 0 4 |a 658  |b GRI  |2 21 
100 |a Griffin, Ricky W  |e author  |9 598319 
245 1 0 |a Instructor's manual management 
300 |a 290 p 
942 |c BK 
945 |d 19970404 00:00:00  |a amoreno 
260 |a Boston  |b Houghton mifflin company  |c 1984 
650 0 |a Administración  |9 259325 
650 7 |a TEORIA  |2 CL-VaPUC  |9 381443 
650 0 |a Organización  |9 256369 
650 0 |a Planes de desarrollo  |9 381444 
583 |a last modification  |c 19970404 00:00:00  |k Rodrigo Vera 
999 |c 257512  |d 257510 
952 |0 0  |1 0  |4 0  |6 658_000000000000000_GRI_1984  |7 0  |8 A  |9 281016  |a BIBING  |b BIBING  |d 2019-11-19  |i 3288951  |o 658 GRI 1984  |p 3288951  |r 2025-01-20  |w 2019-11-19  |y BK  |k EII